Ordinal measurement in the behavioural sciences / (Record no. 4700)

MARC details
000 -LEADER
fixed length control field 00702nam a22002172 4500
001 - CONTROL NUMBER
control field 0000000052
005 - DATE AND TIME OF LATEST TRANSACTION
control field 20151217151743.0
008 - FIXED-LENGTH DATA ELEMENTS--GENERAL INFORMATION
fixed length control field 070109s xx 000 0 eng d
020 ## - INTERNATIONAL STANDARD BOOK NUMBER
International Standard Book Number 0805820930 :
Terms of availability GBP 59.95
040 ## - CATALOGING SOURCE
Original cataloging agency KABU
Transcribing agency KABU
100 1# - MAIN ENTRY--PERSONAL NAME
Personal name Cliff, Norman.
-- 0000148025
245 10 - TITLE STATEMENT
Title Ordinal measurement in the behavioural sciences /
Statement of responsibility, etc. Norman Cliff, John A. Keats.
260 ## - PUBLICATION, DISTRIBUTION, ETC. (IMPRINT)
Place of publication, distribution, etc. London :
Name of publisher, distributor, etc. LEA,
Date of publication, distribution, etc. 2003.
300 ## - PHYSICAL DESCRIPTION
Extent x, 230 p.
650 #0 - SUBJECT ADDED ENTRY--TOPICAL TERM
Topical term or geographic name as entry element Psychology
General subdivision Mathematical models.
-- 0000148026
650 #0 - SUBJECT ADDED ENTRY--TOPICAL TERM
Topical term or geographic name as entry element Psychological tests
General subdivision Statistical methods.
-- 0000148027
700 1# - ADDED ENTRY--PERSONAL NAME
Personal name Keats, John A.
-- 0000148028
908 ## - PUT COMMAND PARAMETER (RLIN)
Put command parameter 070109
950 ## - LOCAL HOLDINGS (RLIN)
-- 1
Holdings
Withdrawn status Lost status Source of classification or shelving scheme Not for loan Home library Current library Date acquired Total Checkouts Full call number Barcode Date last seen Price effective from Koha item type
    Library of Congress Classification   Kabarak, Main Campus Kabarak, Main Campus 17/12/2015   BF39 .C55 000487 02/08/2024 17/12/2015 General Collection
Designed with assistance from East African Informatics Ltd